000
00226nam a2200097Ia 4500
008
220204s9999 xx 000 0 und d
082
_a
159.9
_b
PEA
100
_a
Peale, Norman Vincent
245
0
_a
New art of living
942
_c
BK
999
_c
33484
_d
33484